000 00708nam a2200253Ia 4500
003 OSt
005 20221005025515.0
006 a|||||r|||| 00| 0
007 ta
008 221004b |||||||| |||| 00| 0 eng d
020 _a8172360908
024 _a79382
037 _cTextual
040 _aCRL
_cCRL
_beng
041 _2eng
_aeng
082 _aO157k, 111N9.1
100 _aBandyopadhyay Asit Kumar
245 0 _aModern Bengali dictionary for non-Bengali readers
260 _aCalcutta
_bThe Asiatic Society India
_c1999
300 _a354p.
_ccm.
650 _aENGLISH LITERATURE
942 _hO157k, 111N9.1
_cTEXL
_2cc
999 _c934776
_d934776